[Event "Katowice POL-HUN 10th"]
[Site "Katowice"]
[Date "2023.09.09"]
[Round "2"]
[White "Kozak, Antoni"]
[Black "Cichon, Jakub"]
[Result "1-0"]
[WhiteElo "2427"]
[BlackElo "1954"]
[PlyCount "57"]
[EventDate "2023.09.09"]
[EventType "swiss (rapid)"]
[EventRounds "9"]
[EventCountry "POL"]
[SourceTitle "EXT 2024"]
[Source "ChessBase"]
[SourceDate "2023.10.10"]
[SourceVersion "1"]
[SourceVersionDate "2023.10.10"]
[SourceQuality "1"]

1. e4 e5 2. Bc4 Nc6 3. d3 Bc5 4. Nf3 Nf6 5. 0-0 a6 6. c3 Ba7 7. Bb3 d6 8. h3 h6 9. Be3 g5 10. Nh2 Rg8 11. Bxa7 Nxa7 12. Nd2 g4 13. h4 Qe7 14. g3 Nc6 15. Nc4 Be6 16. Ne3 0-0-0 17. Bd5 Qd7 18. Bxc6 Qxc6 19. c4 Qd7 20. b4 Nh5 21. d4 exd4 22. Qxd4 Kb8 23. a4 f5 24. exf5 Bxf5 25. b5 a5 26. b6 Rge8 27. bxc7+ Kxc7 28. Qa7 Ra8 29. Nd5+ 1-0

[Event "Portoroz op 14th"]
[Site "Portoroz"]
[Date "2023.07.20"]
[Round "7"]
[White "Kolesar, Milan"]
[Black "Cichon, Jakub"]
[Result "1/2-1/2"]
[WhiteElo "2078"]
[BlackElo "1937"]
[PlyCount "114"]
[EventDate "2023.07.15"]
[EventType "swiss"]
[EventRounds "9"]
[EventCountry "SLO"]
[SourceTitle "CBM 215 Extra"]
[Source "ChessBase"]
[SourceDate "2023.09.30"]
[SourceVersion "1"]
[SourceVersionDate "2023.09.30"]
[SourceQuality "1"]

1. Nf3 d5 2. d4 Nf6 3. c4 dxc4 4. Nc3 a6 5. a4 e6 6. e3 c5 7. Bxc4 b6 8. 0-0 Bb7 9. Qe2 Nbd7 10. Rd1 Qc7 11. d5 exd5 12. Nxd5 Nxd5 13. Bxd5 Bxd5 14. Rxd5 Be7 15. b3 0-0 16. Bb2 Nf6 17. Be5 Qb7 18. Bxf6 Bxf6 19. Rad1 h6 20. Rd7 Qe4 21. Qc4 Qxc4 22. bxc4 Rfe8 23. Kf1 Re4 24. Nd2 Re7 25. Rxe7 Bxe7 26. Rb1 Rb8 27. Ne4 f5 28. Nc3 Kf7 29. h3 Ke6 30. Ke2 Kd6 31. g4 fxg4 32. hxg4 Bf6 33. Nd5 b5 34. axb5 axb5 35. Nxf6 gxf6 36. cxb5 c4 37. Rh1 Rxb5 38. Rxh6 Rb2+ 39. Kf3 Ke5 40. Rh5+ Ke6 41. Rc5 Rc2 42. Kg3 Kd6 43. Rc8 Kd7 44. Ra8 c3 45. Ra4 Kd6 46. Rc4 Kd5 47. Rc8 Ke4 48. Rc6 Rc1 49. Kg2 c2 50. Rc8 Kd3 51. Rd8+ Ke2 52. Rc8 Ke1 53. Rc6 Kd2 54. Rd6+ Ke2 55. Rc6 Kd3 56. Rd6+ Ke2 57. Rc6 Kd2 1/2-1/2

[Event "Malopolska-ch"]
[Site "Krakow"]
[Date "2023.06.08"]
[Round "1"]
[White "Cichon, Jakub"]
[Black "Orzechowski, Jacek"]
[Result "1-0"]
[WhiteElo "1937"]
[BlackElo "2139"]
[PlyCount "20"]
[EventDate "2023.06.08"]
[EventType "swiss"]
[EventRounds "7"]
[EventCountry "POL"]
[SourceTitle "CBM 214 Extra"]
[Source "ChessBase"]
[SourceDate "2023.07.31"]
[SourceVersion "1"]
[SourceVersionDate "2023.07.31"]
[SourceQuality "1"]

1. e4 e6 2. d4 d5 3. Nd2 c5 4. exd5 Qd7 5. d6 Qxd6 6. Ngf3 Qd5 7. Bc4 cxd4 8. 0-0 Qd7 9. Nb3 Nf6 10. Nbxd4 Nc6 1-0

[Event "POL-chT 2nd League"]
[Site "Jastrzebia Gora"]
[Date "2022.09.09"]
[Round "7.45"]
[White "Cichon, Jakub"]
[Black "Chalupnik, Marcin"]
[Result "0-1"]
[WhiteElo "1940"]
[BlackElo "2135"]
[PlyCount "152"]
[EventDate "2022.09.03"]
[EventType "team-swiss"]
[EventRounds "9"]
[EventCountry "POL"]
[SourceTitle "CBM 210 Extra"]
[Source "ChessBase"]
[SourceDate "2022.11.30"]
[SourceVersion "1"]
[SourceVersionDate "2022.11.30"]
[SourceQuality "1"]
[WhiteTeam "Wieliczka MKS MOS"]
[BlackTeam "Warszawa YMCA"]
[WhiteTeamCountry "POL"]
[BlackTeamCountry "POL"]

1. d4 Nf6 2. Bf4 e6 3. Nf3 c5 4. e3 d5 5. c3 Bd6 6. Bg3 Qc7 7. Nbd2 Nbd7 8. Rc1 b6 9. c4 Bb7 10. Bd3 0-0 11. b4 Rac8 12. bxc5 bxc5 13. 0-0 Bxg3 14. hxg3 Qd6 15. cxd5 Qxd5 16. Rb1 Ba8 17. e4 Qh5 18. Rb5 Rfd8 19. Qe2 Qg4 20. Qe3 cxd4 21. Nxd4 Nc5 22. Bb1 h5 23. N2f3 Nfxe4 24. Nb3 Nxb3 25. axb3 Nf6 26. Ne5 Qd4 27. Qxd4 Rxd4 28. Ra5 Rc7 29. Rb5 Bb7 30. Re1 g6 31. Bd3 Kg7 32. Ra1 a6 33. Rba5 Rb4 34. Bc4 Nd5 35. Nd3 Rb6 36. Nc5 Nb4 37. Rd1 Rbc6 38. Nxb7 Rxb7 39. Rd8 Kf6 40. Kf1 Ke7 41. Ra8 Rd6 42. Bxa6 Nxa6 43. R5xa6 Rxa6 44. Rxa6 Rxb3 45. Ra7+ Kf6 46. Ke2 e5 47. Rc7 Ke6 48. Ra7 f6 49. Rg7 Kf5 50. Ra7 Kg5 51. Ra6 Rb2+ 52. Ke3 Kf5 53. Ra4 Rb1 54. Rc4 g5 55. f3 Rb2 56. g4+ hxg4 57. Rxg4 Kg6 58. g3 Rg2 59. Kd3 f5 60. Rb4 Rxg3 61. Rb6+ Kh5 62. Ke2 g4 63. fxg4+ Kxg4 64. Re6 Kf4 65. Kf2 Ra3 66. Rb6 Ra2+ 67. Ke1 e4 68. Rb3 e3 69. Kf1 Kf3 70. Kg1 Ra1+ 71. Kh2 f4 72. Rc3 Kf2 73. Rc4 e2 74. Rc2 Ke3 75. Rc3+ Kd2 76. Rc2+ Kxc2 0-1

[Event "POL-chT 2nd League"]
[Site "Jastrzebia Gora"]
[Date "2022.09.08"]
[Round "6.22"]
[White "Mazurkiewicz, Michal"]
[Black "Cichon, Jakub"]
[Result "1-0"]
[WhiteElo "2159"]
[BlackElo "1940"]
[PlyCount "73"]
[EventDate "2022.09.03"]
[EventType "team-swiss"]
[EventRounds "9"]
[EventCountry "POL"]
[SourceTitle "CBM 210 Extra"]
[Source "ChessBase"]
[SourceDate "2022.11.30"]
[SourceVersion "1"]
[SourceVersionDate "2022.11.30"]
[SourceQuality "1"]
[WhiteTeam "Wroclaw Kopernik"]
[BlackTeam "Wieliczka MKS MOS"]
[WhiteTeamCountry "POL"]
[BlackTeamCountry "POL"]

1. e4 e5 2. Nf3 Nc6 3. d3 Nf6 4. g3 d5 5. exd5 Nxd5 6. Bg2 Be7 7. 0-0 h5 8. Re1 Bg4 9. h3 Bxf3 10. Qxf3 Ndb4 11. Na3 Qd7 12. Bd2 f6 13. Qe4 0-0-0 14. Qf5 Na5 15. Qe4 Nac6 16. Nb5 Kb8 17. Bxb4 Bxb4 18. c3 Be7 19. Rad1 g5 20. Qa4 a6 21. Na3 Bxa3 22. bxa3 Ne7 23. Qb3 c6 24. d4 Qc7 25. Rb1 Nf5 26. Qe6 Nd6 27. Qxf6 g4 28. dxe5 Nb5 29. c4 Nc3 30. Rb3 Rhf8 31. Qxc6 Qxc6 32. Bxc6 Nd1 33. e6 Nxf2 34. e7 Nxh3+ 35. Kh1 Kc7 36. exd8Q+ Rxd8 37. Bg2 1-0

[Event "POL-chT 2nd League"]
[Site "Jastrzebia Gora"]
[Date "2022.09.04"]
[Round "2.118"]
[White "Wasik, Roman"]
[Black "Cichon, Jakub"]
[Result "0-1"]
[WhiteElo "1387"]
[BlackElo "1940"]
[PlyCount "60"]
[EventDate "2022.09.03"]
[EventType "team-swiss"]
[EventRounds "9"]
[EventCountry "POL"]
[SourceTitle "CBM 210 Extra"]
[Source "ChessBase"]
[SourceDate "2022.11.30"]
[SourceVersion "1"]
[SourceVersionDate "2022.11.30"]
[SourceQuality "1"]
[WhiteTeam "Rzeszow RzKSz"]
[BlackTeam "Wieliczka MKS MOS"]
[WhiteTeamCountry "POL"]
[BlackTeamCountry "POL"]

1. Nf3 Nf6 2. c4 e6 3. d4 b6 4. a3 Bb7 5. Nc3 d5 6. e3 g6 7. Bd3 Bg7 8. 0-0 0-0 9. Rb1 dxc4 10. Bxc4 Qe7 11. Qe2 Nbd7 12. e4 c5 13. Bg5 h6 14. Bh4 g5 15. Bg3 g4 16. Ne5 cxd4 17. Nb5 Nxe4 18. Qxg4 Nxg3 19. Nxd7 Nxf1 20. Nxf8 Qxf8 21. Bxf1 e5 22. Rc1 a6 23. Rc7 Bd5 24. Qd7 Rd8 25. Qf5 axb5 26. Bd3 e4 27. Bxb5 d3 28. f3 d2 29. Ba4 e3 30. Qd3 Bc6 0-1

[Event "Ustron op-B"]
[Site "Ustron"]
[Date "2022.08.17"]
[Round "6"]
[White "Cichon, Jakub"]
[Black "Budzisz, Adrian"]
[Result "1-0"]
[WhiteElo "1888"]
[BlackElo "2144"]
[PlyCount "81"]
[EventDate "2022.08.12"]
[EventType "swiss"]
[EventRounds "9"]
[EventCountry "POL"]
[SourceTitle "CBM 209 Extra"]
[Source "ChessBase"]
[SourceDate "2022.09.30"]
[SourceVersion "1"]
[SourceVersionDate "2022.09.30"]
[SourceQuality "1"]

1. d4 Nf6 2. Bf4 e6 3. e3 d5 4. Nd2 Bd6 5. Bg3 c5 6. c3 0-0 7. Ngf3 Nc6 8. Bb5 Qc7 9. dxc5 Bxg3 10. hxg3 e5 11. Bxc6 bxc6 12. c4 a5 13. 0-0 Ba6 14. Qc2 Nd7 15. Rfc1 Rfc8 16. cxd5 cxd5 17. c6 Nf6 18. Qf5 Re8 19. Rc5 e4 20. Nd4 Re5 21. Qf4 Qe7 22. g4 Nxg4 23. Rac1 Bc8 24. c7 Rh5 25. Nf5 Rxf5 26. Qxg4 h5 27. Qg3 h4 28. Qh2 h3 29. Rb5 Ra6 30. Rb8 Qd7 31. Qxh3 Raf6 32. Nb3 g6 33. Nd4 Kg7 34. Nxf5+ Rxf5 35. Qg3 Qe6 36. Rxc8 Qxc8 37. Qd6 Rg5 38. Qd8 Rxg2+ 39. Kxg2 Qg4+ 40. Kf1 Qh3+ 41. Ke1 1-0

[Event "Krakow Malopolski Cup"]
[Site "Krakow"]
[Date "2022.08.09"]
[Round "9"]
[White "Kasperek, Ryszard"]
[Black "Cichon, Jakub"]
[Result "1-0"]
[WhiteElo "2057"]
[BlackElo "1888"]
[PlyCount "67"]
[EventDate "2022.08.04"]
[EventType "swiss"]
[EventRounds "9"]
[EventCountry "POL"]
[SourceTitle "CBM 209 Extra"]
[Source "ChessBase"]
[SourceDate "2022.09.30"]
[SourceVersion "1"]
[SourceVersionDate "2022.09.30"]
[SourceQuality "1"]

1. e4 e5 2. Nf3 Nc6 3. Nc3 Nf6 4. Bb5 Bb4 5. 0-0 0-0 6. d3 d6 7. Bg5 h6 8. Bxf6 gxf6 9. Nd5 Bc5 10. Nh4 Nd4 11. Bc4 f5 12. Nxf5 Nxf5 13. exf5 c6 14. Qg4+ Kh7 15. Ne3 d5 16. Bb3 Rg8 17. Qh5 Qf8 18. c3 Rg5 19. Qe2 Bxe3 20. fxe3 Rxf5 21. e4 Rg5 22. Rf2 Be6 23. exd5 cxd5 24. h4 Rg4 25. Bxd5 Qe7 26. Qxe5 Rag8 27. Be4+ Rxe4 28. Qxe4+ Kh8 29. Raf1 Rg4 30. Qe5+ Kg8 31. d4 Qxh4 32. d5 Rg5 33. Qb8+ Kh7 34. dxe6 1-0

[Event "Krakow Malopolski Cup"]
[Site "Krakow"]
[Date "2022.08.04"]
[Round "2"]
[White "Cieslak, Patryk"]
[Black "Cichon, Jakub"]
[Result "1-0"]
[WhiteElo "2034"]
[BlackElo "1888"]
[PlyCount "171"]
[EventDate "2022.08.04"]
[EventType "swiss"]
[EventRounds "9"]
[EventCountry "POL"]
[SourceTitle "CBM 209 Extra"]
[Source "ChessBase"]
[SourceDate "2022.09.30"]
[SourceVersion "1"]
[SourceVersionDate "2022.09.30"]
[SourceQuality "1"]

1. e4 e5 2. Nf3 Nc6 3. Bb5 a6 4. Ba4 Nf6 5. 0-0 Be7 6. Re1 d6 7. c3 b5 8. Bb3 0-0 9. h3 Na5 10. Bc2 c5 11. d4 Qc7 12. Nbd2 cxd4 13. cxd4 Bd7 14. Nf1 Nc6 15. Ne3 Rfc8 16. d5 Nb4 17. Bb1 a5 18. Nh2 g6 19. Nhg4 Nxg4 20. hxg4 Bg5 21. Bd2 Na6 22. Qe2 Nc5 23. Bc2 Qb7 24. Rac1 b4 25. Nc4 Be7 26. b3 Bb5 27. g3 Bxc4 28. Qxc4 Na4 29. Qd3 Nc3 30. Bb1 Nb5 31. Kg2 Qd7 32. Qf3 Nd4 33. Qd1 Rxc1 34. Bxc1 Rc8 35. Bd3 Qc7 36. Bc4 Qd7 37. Bb2 Bf6 38. f4 Qa7 39. Bxd4 Qxd4 40. Qxd4 exd4 41. e5 Re8 42. g5 Bd8 43. Bb5 Re7 44. Rc1 Rc7 45. Bc6 Be7 46. Kf3 Kg7 47. Ke4 h6 48. gxh6+ Kxh6 49. Kxd4 g5 50. Ke4 gxf4 51. gxf4 f6 52. exd6 Bxd6 53. Rg1 Bc5 54. Rg2 Bd6 55. Kf5 Kh7 56. Re2 Kg7 57. Re6 Bc5 58. Rxf6 Be3 59. Rg6+ Kf7 60. Rg3 Bc5 61. Rh3 Kf8 62. Rh8+ Kg7 63. Rd8 Rf7+ 64. Kg4 Kf6 65. Re8 Rc7 66. Re6+ Kf7 67. Kf5 Rc8 68. Ke4 Rh8 69. Kd3 Rh4 70. Kc4 Be7 71. Re4 Rh2 72. Bd7 Rxa2 73. Be6+ Kf6 74. Re5 a4 75. Rf5+ Kg6 76. bxa4 Rxa4 77. Rf7 Bd6 78. f5+ Kg5 79. Rg7+ Kf6 80. Rg6+ Ke5 81. Bd7 Ra6 82. Re6+ Kf4 83. f6 Rb6 84. f7 Rb8 85. Rxd6 b3 86. Rf6+ 1-0

[Event "Krakow op-B"]
[Site "Krakow"]
[Date "2022.07.02"]
[Round "9"]
[White "Cichon, Jakub"]
[Black "Khandhar, Kaushal"]
[Result "1/2-1/2"]
[WhiteElo "1900"]
[BlackElo "1936"]
[PlyCount "116"]
[EventDate "2022.06.25"]
[EventType "swiss"]
[EventRounds "9"]
[EventCountry "POL"]
[SourceTitle "EXT 2023"]
[Source "ChessBase"]
[SourceDate "2022.10.05"]
[SourceVersion "1"]
[SourceVersionDate "2022.10.05"]
[SourceQuality "1"]

1. d4 d5 2. Bf4 Nf6 3. e3 c5 4. c3 Nc6 5. Nd2 Bf5 6. Ngf3 e6 7. Bb5 Qb6 8. Qa4 a6 9. Bxc6+ Qxc6 10. Qxc6+ bxc6 11. 0-0 Rc8 12. Rfc1 c4 13. h3 Ne4 14. a3 c5 15. Nxe4 Bxe4 16. Nd2 Bd3 17. f3 Kd7 18. e4 Rc6 19. Be3 Rb6 20. Ra2 Kc6 21. exd5+ exd5 22. dxc5 Bxc5 23. Bxc5 Kxc5 24. Rd1 Bc2 25. Rc1 Bg6 26. Rf1 Rhb8 27. Rf2 Bd3 28. f4 f6 29. g4 Kd6 30. Kh2 Kd7 31. Nf3 Bb1 32. Ra1 Rxb2 33. Kg3 Rxf2 34. Kxf2 Be4 35. Nd2 Bd3 36. Ra2 Kd6 37. h4 Kc5 38. Nf3 Rb3 39. Nd4 Rxc3 40. Ne6+ Kb5 41. Nxg7 Rc2+ 42. Rxc2 Bxc2 43. Ke3 Ka4 44. Ne8 Kxa3 45. Nxf6 Kb3 46. Nxd5 Bd1 47. f5 Bxg4 48. f6 Be6 49. Nc7 Bf7 50. Nxa6 c3 51. Nc5+ Kc4 52. Ne4 c2 53. Kd2 Kd4 54. Ng5 Ke5 55. Nxf7+ Kxf6 56. Ng5 Kf5 57. Nxh7 Kg4 58. Kxc2 Kxh4 1/2-1/2

[Event "Krakow op-B"]
[Site "Krakow"]
[Date "2022.06.28"]
[Round "5"]
[White "Cichon, Jakub"]
[Black "Stemmler, Fabian"]
[Result "0-1"]
[WhiteElo "1900"]
[BlackElo "2054"]
[PlyCount "94"]
[EventDate "2022.06.25"]
[EventType "swiss"]
[EventRounds "9"]
[EventCountry "POL"]
[SourceTitle "EXT 2023"]
[Source "ChessBase"]
[SourceDate "2022.10.05"]
[SourceVersion "1"]
[SourceVersionDate "2022.10.05"]
[SourceQuality "1"]

1. e4 e6 2. d4 d5 3. Nd2 c5 4. exd5 Qxd5 5. Ngf3 cxd4 6. Bc4 Qd6 7. 0-0 Nf6 8. Nb3 Nc6 9. Nbxd4 Nxd4 10. Nxd4 Be7 11. Bb3 0-0 12. c3 a5 13. Bg5 Bd7 14. Re1 a4 15. Bc2 a3 16. Qd3 g6 17. b3 Nd5 18. Nf3 Bxg5 19. Nxg5 Qf4 20. Ne4 Bc6 21. g3 Qf5 22. Qd2 Nf6 23. Nxf6+ Qxf6 24. Be4 Rfd8 25. Qc2 Bxe4 26. Rxe4 Rd7 27. Rae1 Rad8 28. Rf4 Qg5 29. Qe4 Qa5 30. Re3 Qb5 31. Qc4 Rd1+ 32. Kg2 Qxc4 33. Rxc4 R1d2 34. Rc7 Rxa2 35. Rf3 f5 36. Re3 Rdd2 37. Rxe6 Rxf2+ 38. Kg1 Rfe2 39. Rxe2 Rxe2 40. Rxb7 a2 41. Ra7 Re1+ 42. Kf2 a1Q 43. Rxa1 Rxa1 44. Ke3 Ra3 45. Kd4 Rxb3 46. c4 Kf7 47. Kd5 Ke7 0-1

[Event "Bydgoszcz PGNiG Rapid"]
[Site "Bydgoszcz"]
[Date "2021.09.18"]
[Round "4"]
[White "Cichon, Jakub"]
[Black "Swicarz, Maciej"]
[Result "1-0"]
[WhiteElo "1854"]
[BlackElo "2347"]
[PlyCount "89"]
[EventDate "2021.09.18"]
[EventType "swiss (rapid)"]
[EventRounds "9"]
[EventCountry "POL"]
[SourceTitle "CBM 204 Extra"]
[Source "ChessBase"]
[SourceDate "2021.11.30"]
[SourceVersion "1"]
[SourceVersionDate "2021.11.30"]
[SourceQuality "1"]

1. d4 f5 2. e4 fxe4 3. Nc3 Nf6 4. Bg5 Nc6 5. Nh3 d6 6. Nf4 Bf5 7. Bb5 a6 8. Ba4 b5 9. Bb3 Qd7 10. 0-0 e6 11. Bxf6 gxf6 12. d5 Ne5 13. dxe6 Qg7 14. Ncd5 Kd8 15. Kh1 h5 16. c4 bxc4 17. Rc1 h4 18. Bxc4 h3 19. g3 Bg4 20. Be2 Rc8 21. Qc2 Rh7 22. Bxa6 Bf3+ 23. Kg1 Bg2 24. f3 exf3 25. e7+ Ke8 26. Nxc7+ Rxc7 27. Qxc7 Qxe7 28. Bb5+ Kf7 29. Rf2 Ng4 30. Qc4+ Kg7 31. Qd3 Nxf2 32. Kxf2 Qa7+ 33. Qe3 Qxe3+ 34. Kxe3 Kf7 35. Rc7+ Be7 36. Bd3 Rg7 37. Nd5 Ke8 38. Bb5+ Kd8 39. Rd7+ Kc8 40. Nxe7+ Rxe7+ 41. Rxe7 f5 42. Bc6 Kd8 43. Rf7 f4+ 44. Rxf4 Kc7 45. Bxf3 1-0

[Event "Ustron op-B"]
[Site "Ustron"]
[Date "2021.08.14"]
[Round "3"]
[White "Olchowy, Tadeusz"]
[Black "Cichon, Jakub"]
[Result "1-0"]
[WhiteElo "2021"]
[BlackElo "1984"]
[PlyCount "141"]
[EventDate "2021.08.13"]
[EventType "swiss"]
[EventRounds "9"]
[EventCountry "POL"]
[SourceTitle "CBM 204 Extra"]
[Source "ChessBase"]
[SourceDate "2021.11.30"]
[SourceVersion "1"]
[SourceVersionDate "2021.11.30"]
[SourceQuality "1"]

1. c4 e5 2. Nc3 Nf6 3. e3 c6 4. Nf3 d6 5. d4 Qc7 6. Be2 Be7 7. b3 e4 8. Nd2 d5 9. Bb2 0-0 10. Rc1 Qd7 11. Qc2 a6 12. Na4 Qd8 13. 0-0 b5 14. Nc5 Qd6 15. Ba3 Ng4 16. Bxg4 Bxg4 17. f3 exf3 18. Nxf3 Qh6 19. Qf2 Bh5 20. Ne5 f6 21. Ned3 Bd6 22. g3 Re8 23. Rfe1 Ra7 24. Bb4 a5 25. Bd2 Qg6 26. cxd5 cxd5 27. Nf4 Bxf4 28. Qxf4 Qf7 29. Qd6 Nd7 30. Qc6 a4 31. b4 Bf3 32. Rf1 Be2 33. Rf2 Bc4 34. a3 Nf8 35. Rxc4 bxc4 36. b5 Rc7 37. Qb6 Ne6 38. Na6 Rb7 39. Qc6 Ng5 40. Rf5 Ne4 41. Bb4 Rd7 42. b6 Re6 43. Qc8+ Re8 44. Qc6 Qe6 45. Qxe6+ Rxe6 46. Nc5 Nxc5 47. dxc5 g6 48. Rf4 Kf7 49. Rd4 Ke8 50. e4 dxe4 51. Rxc4 Rb7 52. c6 Rxb6 53. c7 Rbc6 54. c8Q+ Rxc8 55. Rxc8+ Kd7 56. Ra8 Kc6 57. Ra6+ Kd5 58. Rxe6 Kxe6 59. Kf2 Kf5 60. h3 h5 61. Ke3 Ke5 62. Bc3+ Kf5 63. Bb2 g5 64. Bc3 Ke6 65. Kxe4 f5+ 66. Kf3 Kf7 67. h4 Kg6 68. Bd2 f4 69. hxg5 Kxg5 70. gxf4+ Kf5 71. Kg3 1-0

[Event "Ustron op-C"]
[Site "Ustron"]
[Date "2020.08.15"]
[Round "5"]
[White "Cichon, Jakub"]
[Black "Zimny, Jakub"]
[Result "0-1"]
[WhiteElo "1647"]
[BlackElo "1568"]
[PlyCount "126"]
[EventDate "2020.08.15"]
[EventType "swiss"]
[EventRounds "9"]
[EventCountry "POL"]
[SourceTitle "EXT 2021"]
[Source "ChessBase"]
[SourceDate "2020.10.23"]
[SourceVersion "1"]
[SourceVersionDate "2020.10.23"]
[SourceQuality "1"]

1. c4 g6 2. Nc3 Bg7 3. g3 c5 4. Bg2 Nc6 5. e3 e5 6. Nge2 Nge7 7. 0-0 0-0 8. b3 d6 9. Bb2 Be6 10. d4 exd4 11. exd4 Nxd4 12. Ne4 Nec6 13. Re1 Bg4 14. Nxd4 Bxd1 15. Nxc6 bxc6 16. Bxg7 Kxg7 17. Raxd1 Qa5 18. Re2 d5 19. cxd5 cxd5 20. Rxd5 Rad8 21. Nd6 Qc3 22. Red2 Qf6 23. Bf1 Rb8 24. Rxc5 Rb6 25. Rcd5 Rc6 26. Bc4 Rb8 27. Nxf7 Rxc4 28. bxc4 Qf3 29. Rd1 Rb2 30. R5d2 Rxd2 31. Rxd2 Qxf7 32. c5 Qc7 33. Rd5 Qe7 34. Kf1 Qb7 35. Re5 Kf6 36. Re3 Qb5+ 37. Kg2 Qc6+ 38. Kg1 Qxc5 39. a3 Kg5 40. h3 h5 41. Kg2 Qd5+ 42. Kh2 Kf5 43. Kg1 g5 44. Kh2 g4 45. h4 Qd2 46. Kg2 Qxe3 47. fxe3 Ke4 48. Kf2 Kd3 49. a4 a5 50. e4 Kxe4 51. Ke2 Kd4 52. Kd2 Kc4 53. Ke3 Kc3 54. Ke4 Kd2 55. Kf4 Ke2 56. Kg5 Kf3 57. Kxh5 Kxg3 58. Kg5 Kf3 59. h5 g3 60. h6 g2 61. Kf6 g1Q 62. h7 Qa1+ 63. Kg6 Qh8 0-1